| 000 | 00337nam a22001217a 4500 | ||
|---|---|---|---|
| 020 | _a0563370491 | ||
| 082 |
_a209.22 _bBUE |
||
| 100 |
_aBuerk, Michael _9109044 |
||
| 245 |
_a999: _bdramatic stories of real-life rescues/ _cMichael Buerk |
||
| 260 |
_aLondon: _bBBC Books, _c1994. |
||
| 300 |
_a189p: _bPaperback, _c20.5cm |
||
| 942 |
_2ddc _cBK |
||
| 999 |
_c593262 _d593262 |
||